00435nam a2200157 a 4500008004100000020001500041050001600056100002300072245006400095250001200159260003000171300002100201350000900222650003100231650001500262120416s1999 ||||||||||||||||| || u a074942964X aHF 5549 Arm aArmstrong, Michael12aA handbook of human resource management practice. (7th ed.) a7th ed. aLondon:bKogan Pagec1999 axx, 922p. : ill. a0.00 aHUMAN RESOURCES MANAGEMENT 0aMANAGEMENT